书目信息 |
| 题名: |
熵与能级
|
|
| 作者: | 加塞 著 ;曾实 译 | |
| 分册: | ||
| 出版信息: | 北京 人民教育出版社 1981 |
|
| 页数: | 148页 | |
| 开本: | 20cm | |
| 丛书名: | 牛津化学丛书 | |
| 单 册: | ||
| 中图分类: | O414.2 | |
| 科图分类: | ||
| 主题词: | 理论物理学 | |
| 电子资源: | ||
| ISBN: | ||
| 000 | 00594nam0 2200217 45 | |
| 001 | 0312221749 | |
| 005 | 20060731151327.03 | |
| 010 | @dCNY0.63 | |
| 100 | @a20031222d1981 km y0chiy0120 ea | |
| 101 | @achi | |
| 200 | 1 | @a熵与能级@AShang Yu Neng Ji@f(英)R·P·H·加塞等著@F(ying)R·P·H·jia sai deng zhu@g曾实译 |
| 210 | @a北京@c人民教育出版社@d1981 | |
| 215 | @a148页@d20cm | |
| 225 | @a牛津化学丛书 | |
| 410 | @12001 @a牛津化学丛书 | |
| 606 | 0 | @a理论物理学 |
| 690 | @aO414.2@v3 | |
| 701 | 0 | @a加塞@Ajia sai@4著 |
| 702 | 0 | @a曾实@4译 |
| 801 | @aCN@bTSTCL@c20060731 | |
| 905 | @dO414.2@e29 | |
| 熵与能级/(英)R·P·H·加塞等著/曾实译.-北京:人民教育出版社,1981 |
| 148页;20cm.-(牛津化学丛书) |
| ISBN :CNY0.63 |
| ● |
| 相关链接 |
|
|
|
|
正题名:熵与能级
索取号:O414.2/29
 
预约/预借
| 序号 | 登录号 | 条形码 | 馆藏地/架位号 | 状态 | 备注 |
| 1 | 0097049 | 001463516 | 第三借阅区/ [索取号:O414.2/29] | 在馆 | |
| 2 | 0097050 | 202097676 | 第二样本阅览室/ [索取号:O414.2/29] | 在馆 | |
| 3 | 0432579 | 204325792 | 密集书库/ [索取号:O414.2/29] | 在馆 | |
| 4 | 0433012 | 204330125 | 密集书库/ [索取号:O414.2/29] | 在馆 | |
| 5 | 0434186 | 204341863 | 密集书库/ [索取号:O414.2/29] | 在馆 | |
| 6 | 0434187 | 204341872 | 密集书库/ [索取号:O414.2/29] | 在馆 | |
| 7 | 0434210 | 204342103 | 密集书库/ [索取号:O414.2/29] | 在馆 |